000 00588nam a2200205 a 4500
005 20240924070349.0
008 121121s1999 mx r 000 0 spa d
020 _a9682321662
035 _aUPN01000188825
049 _aCG
050 4 _aBF175.5 F3.6
_bZ5.2
100 1 _aŽižek, Slavoj
_932950
245 1 3 _aEl acoso de las fantasías /
_cSlajov Zizek ; tr. de Clea Braunstein Saal.
260 _aMéxico :
_bSiglo XXI,
_c1999.
300 _a261 p.
534 _pTítulo original:
_tThe plague of fantasies
650 0 _aFantasía
_911180
905 _aLibro
999 _c160928
_d160928